000 01437cam a2200337 a 4500
001 15417911
003 Nust- CAS-E
005 20180118181410.0
008 080819s2009 enkabe b 001 0 eng
010 _a 2008036286
020 _a9781844075966 (hardback)
020 _a1844075966 (hardback)
035 _a(OCoLC)ocn244246662
040 _aDLC
_cDLC
_dYDXCP
_dBWKUK
_dBWX
_dCDX
_dDLC
050 0 0 _aTH880
_b.H358 2009
082 0 0 _a721.046
_222
_bHAN 2009
245 0 2 _aA handbook of sustainable building design and engineering :
_ban integrated approach to energy, health and operational performance /
_cedited by Dejan Mumovic and Mat Santamouris.
260 _aLondon ;
_aSterling, VA :
_bEarthscan,
_c2009.
300 _axxxvii, 435 p. :
_bill., maps, plans ;
_c26 cm.
502 _a0
504 _aIncludes bibliographical references and index.
650 0 _aSustainable buildings
_xDesign and construction.
650 0 _aBuildings
_xEnvironmental engineering.
650 0 _aBuildings
_xPerformance.
700 1 _aMumovic, Dejan.
700 1 _aSantamouris, M.
_q(Matheos),
_d1956-
856 4 1 _3Table of contents only
_uhttp://www.loc.gov/catdir/toc/ecip0826/2008036286.html
906 _a7
_bcbc
_corignew
_d1
_eecip
_f20
_gy-gencatlg
942 _2ddc
_cBK
999 _c355701
_d355701